<?xml version="1.0" encoding="UTF-8"?>
<record
    xmlns:xsi="http://www.w3.org/2001/XMLSchema-instance"
    xsi:schemaLocation="http://www.loc.gov/MARC21/slim http://www.loc.gov/standards/marcxml/schema/MARC21slim.xsd"
    xmlns="http://www.loc.gov/MARC21/slim">

  <leader>01696    a2200205   4500</leader>
  <controlfield tag="001">25138</controlfield>
  <controlfield tag="005">20260407155534.0</controlfield>
  <controlfield tag="008">260407a1971    arg                 spa d</controlfield>
  <controlfield tag="003">AR-UNSa-BCEJYS</controlfield>
  <datafield tag="040" ind1=" " ind2=" ">
    <subfield code="a">AR-UNSa-BCEJYS</subfield>
    <subfield code="b">spa</subfield>
    <subfield code="c">AR-UNSa-BCEJYS</subfield>
  </datafield>
  <datafield tag="080" ind1=" " ind2=" ">
    <subfield code="a">519.21</subfield>
    <subfield code="x">Teor&#xED;a de probabilidades y procesos estoc&#xE1;sticos
</subfield>
  </datafield>
  <datafield tag="245" ind1="1" ind2="0">
    <subfield code="a">Teor&#xED;a estad&#xED;stica y aplicaciones</subfield>
  </datafield>
  <datafield tag="250" ind1=" " ind2=" ">
    <subfield code="a">3a. ed</subfield>
  </datafield>
  <datafield tag="264" ind1=" " ind2="1">
    <subfield code="a">Buenos Aires :</subfield>
    <subfield code="b">Kapelusz</subfield>
    <subfield code="c">1971</subfield>
  </datafield>
  <datafield tag="300" ind1=" " ind2=" ">
    <subfield code="a">448 p.</subfield>
    <subfield code="c">23 cm.</subfield>
  </datafield>
  <datafield tag="505" ind1=" " ind2=" ">
    <subfield code="a">Parte I : C&#xE1;lculo de probabilidades.distribuciones : 1. Introducci&#xF3;n a la estad&#xED;stica - 2. Probabilidad - 3. Variable aleatoria - 4. Pruebas repetidas - 5. La funci&#xF3;n normal y otras distribuciones elementales - 6. Distribuciones para la inferencia exacta - 7. Complementos sobre teoremas l&#xED;mites - Parte II : Estad&#xED;stica descriptiva : 8. Capacitaci&#xF3;n y complicaci&#xF3;n de datos - 9. Representaciones gr&#xE1;ficas - 10. Series de frecuencias - 11. Ajuste e importaci&#xF3;n - 12. Series de frecuencia : concentraci&#xF3;n - 13. N&#xFA;meros &#xED;ndices - 14. Teor&#xED;a de atributos cualitativos - 15. Distribuciones bivariantes y multivariantes - 16. Regresi&#xF3;n y correlaci&#xF3;n - 17. Regresi&#xF3;n y correlaci&#xF3;n m&#xFA;ltiples - 18. An&#xE1;lisis de series cronol&#xF3;gicas - 19. Series cronol&#xF3;gicas(continuaci&#xF3;n) - 20. Nociones sobre procesos estoc&#xE1;sticos y an&#xE1;lisis espectral - Parte III : Inferencia estad&#xED;stica : 21. Introducci&#xF3;n a la inferencia : Uso de la distribuci&#xF3;n normal - 22. Inferencia exacta.Tests de hip&#xF3;tesis - 23. Teor&#xED;a de la estimaci&#xF3;n - 24. M&#xE9;todos de estimaci&#xF3;n - 25. Aplicaciones de la teor&#xED;a de las muestras.</subfield>
  </datafield>
  <datafield tag="942" ind1=" " ind2=" ">
    <subfield code="c">BK</subfield>
  </datafield>
  <datafield tag="590" ind1=" " ind2=" ">
    <subfield code="a">niveau_biblio:m niveau_hierar:0</subfield>
  </datafield>
  <datafield tag="100" ind1="1" ind2=" ">
    <subfield code="a">Toranzos, Fausto I.</subfield>
  </datafield>
  <datafield tag="999" ind1=" " ind2=" ">
    <subfield code="c">1289</subfield>
    <subfield code="d">1289</subfield>
  </datafield>
  <datafield tag="952" ind1=" " ind2=" ">
    <subfield code="0">0</subfield>
    <subfield code="1">0</subfield>
    <subfield code="4">0</subfield>
    <subfield code="7">0</subfield>
    <subfield code="a">BCEJYS</subfield>
    <subfield code="b">BCEJYS</subfield>
    <subfield code="c">16</subfield>
    <subfield code="d">2026-04-07</subfield>
    <subfield code="l">0</subfield>
    <subfield code="o">519.21 T676 3ed.</subfield>
    <subfield code="p">L33087</subfield>
    <subfield code="r">2026-04-07 15:55:34</subfield>
    <subfield code="w">2026-04-07</subfield>
    <subfield code="y">L</subfield>
  </datafield>
  <datafield tag="952" ind1=" " ind2=" ">
    <subfield code="0">0</subfield>
    <subfield code="1">0</subfield>
    <subfield code="4">0</subfield>
    <subfield code="7">0</subfield>
    <subfield code="a">BCEJYS</subfield>
    <subfield code="b">BCEJYS</subfield>
    <subfield code="c">16</subfield>
    <subfield code="d">2026-04-07</subfield>
    <subfield code="l">0</subfield>
    <subfield code="o">519.21 T676 3ed.</subfield>
    <subfield code="p">L33086</subfield>
    <subfield code="r">2026-04-07 15:55:34</subfield>
    <subfield code="w">2026-04-07</subfield>
    <subfield code="y">L</subfield>
  </datafield>
  <datafield tag="952" ind1=" " ind2=" ">
    <subfield code="0">0</subfield>
    <subfield code="1">0</subfield>
    <subfield code="4">0</subfield>
    <subfield code="7">0</subfield>
    <subfield code="a">BCEJYS</subfield>
    <subfield code="b">BCEJYS</subfield>
    <subfield code="c">16</subfield>
    <subfield code="d">2026-04-07</subfield>
    <subfield code="l">0</subfield>
    <subfield code="o">519.21 T676 3ed.</subfield>
    <subfield code="p">L33085</subfield>
    <subfield code="r">2026-04-07 15:55:34</subfield>
    <subfield code="w">2026-04-07</subfield>
    <subfield code="y">L</subfield>
  </datafield>
</record>
